El cantar de los nibelungos
Salvato in:
| Natura: | Libro |
|---|---|
| Lingua: | spagnolo |
| Pubblicazione: |
Ciudad de México
Porrúa
1978
|
| Edizione: | 2a. ed |
| Serie: | Sepan cuantos, 285
|
| Soggetti: | |
| Tags: |
Aggiungi Tag
Nessun Tag, puoi essere il primo ad aggiungerne!!
|
MARC
| LEADER | 00000nam a2200000 a 4500 | ||
|---|---|---|---|
| 001 | UCV7558 | ||
| 003 | CL-VaPUC | ||
| 008 | 880926e19780000MX |||||||||||||||||spa|d | ||
| 082 | 0 | 4 | |a 831 |b CAN |2 21 |
| 245 | 1 | 3 | |a El cantar de los nibelungos |
| 250 | |a 2a. ed | ||
| 300 | |a 251 p | ||
| 942 | |c BK | ||
| 945 | |d 19880926 00:00:00 | ||
| 260 | |a Ciudad de México |b Porrúa |c 1978 | ||
| 650 | 7 | |a POESIA EPICA ALEMANA |2 CL-VaPUC |9 265011 | |
| 583 | |a last modification |c 19880926 00:00:00 |k Rodrigo Vera | ||
| 490 | 0 | |a Sepan cuantos, 285 | |
| 999 | |c 213212 |d 213210 | ||
| 952 | |0 0 |1 0 |4 0 |6 831_000000000000000_CAN_1978 |7 0 |8 P |9 195346 |a BIBARQ |b BIBARQ |d 2019-11-14 |i 2634228 |l 1 |o 831 CAN 1978 |p 2634228 |r 2025-01-20 |s 2024-04-24 |w 2019-11-14 |y BK |k ARQ | ||
| 952 | |0 0 |1 0 |4 0 |6 831_000000000000000_CAN_1978 |7 0 |8 A |9 195347 |a BIBART |b BIBART |d 2019-11-14 |i 1381598 |l 1 |o 831 CAN 1978 |p 1381598 |r 2025-03-13 |s 2024-04-22 |w 2019-11-14 |y BK |k ART | ||